A fapados légitársaságok kereskedelmi és pénzügyi modellje a Wizz Air példáján

Bibliográfiai részletek
Szerző: Ritter Máté
További közreműködők: Ábel Prof. Dr. István
Dokumentumtípus: Diplomadolgozat
Kulcsszavak:Wizz Air
Fapados légitársaság
Légitársaságok
Pilótahiány
Revenue management
Privatizáció
Online Access:http://dolgozattar.uni-bge.hu/15429

MARC

LEADER 00000nta a2200000 i 4500
001 dolg15429
005 20190403145518.0
008 180509suuuu hu om 000 hun d
040 |a BGE Dolgozattár Repozitórium  |b hun 
041 |a hu 
100 1 |a Ritter Máté 
245 1 2 |a A fapados légitársaságok kereskedelmi és pénzügyi modellje a Wizz Air példáján  |c Ritter Máté  |h [elektronikus dokumentum] 
520 3 |a „A mostani időszak egyértelmű üzenete az európai nemzeti légitársaságok felé, hogy ha nem változtatnak a korábbi, kényelmes piaci környezetben felvett rossz kereskedelmi szokásaikon, akkor eltűnnek, és ezzel bizonyítják piaci jelentéktelenségüket.” Alex Cruz, CEO, British Airways (Airline Leader, 2017, issue 42: p.7) 
695 |a Wizz Air 
695 |a Fapados légitársaság 
695 |a Légitársaságok 
695 |a Pilótahiány 
695 |a Revenue management 
695 |a Privatizáció 
700 1 |a Ábel Prof. Dr. István  |e ths 
856 4 0 |u http://dolgozattar.uni-bge.hu/15429/7/Ritter-Mate---A-fapados-legitarsasagok-kereskedelmi-es-penzugyi-modellje-a-Wizz-Air-peldajan_RM.pdf  |z Dokumentum-elérés 
856 4 0 |u http://dolgozattar.uni-bge.hu/15429/8/Titkos%C3%ADt%C3%A1si%20k%C3%A9relem.pdf  |z Dokumentum-elérés